[Event "POL-ch U18"]
[Site "Szklarska Poreba"]
[Date "2021.03.17"]
[Round "5"]
[White "Kania, Dominik"]
[Black "Haliniak, Wojciech"]
[Result "0-1"]
[WhiteElo "1862"]
[BlackElo "1802"]
[PlyCount "74"]
[EventDate "2021.03.13"]
[EventType "swiss"]
[EventRounds "9"]
[EventCountry "POL"]
[SourceTitle "CBM 201 Extra"]
[Source "ChessBase"]
[SourceDate "2021.05.31"]
[SourceVersion "1"]
[SourceVersionDate "2021.05.31"]
[SourceQuality "1"]

1. d4 Nf6 2. Bf4 g6 3. e3 Bg7 4. Nf3 d6 5. Bc4 0-0 6. Nbd2 a6 7. a4 b6 8. 0-0 Nbd7 9. h3 Bb7 10. Re1 Ne4 11. Nxe4 Bxe4 12. c3 e5 13. Bg3 Kh8 14. dxe5 dxe5 15. Bd5 Bxd5 16. Qxd5 Qe7 17. Rad1 Rad8 18. e4 f6 19. Qc4 Nc5 20. Bh4 Rd6 21. a5 Rfd8 22. Rxd6 Qxd6 23. axb6 cxb6 24. b4 Nd3 25. Rd1 b5 26. Qa2 Qb6 27. Qc2 Nf4 28. Rxd8+ Qxd8 29. Nxe5 Qc7 30. Ng4 g5 31. Bg3 Qxc3 32. Qa2 Qe1+ 33. Kh2 Ne2 34. h4 h5 35. Qf7 Qg1+ 36. Kh3 Qh1+ 37. Bh2 Nf4+ 0-1

[Event "POL-ch U18"]
[Site "Szklarska Poreba"]
[Date "2021.03.15"]
[Round "3"]
[White "Kania, Dominik"]
[Black "Golecki, Jan"]
[Result "0-1"]
[WhiteElo "1862"]
[BlackElo "2117"]
[PlyCount "62"]
[EventDate "2021.03.13"]
[EventType "swiss"]
[EventRounds "9"]
[EventCountry "POL"]
[SourceTitle "CBM 201 Extra"]
[Source "ChessBase"]
[SourceDate "2021.05.31"]
[SourceVersion "1"]
[SourceVersionDate "2021.05.31"]
[SourceQuality "1"]

1. e4 c5 2. Nf3 Nc6 3. Bb5 e6 4. 0-0 Nge7 5. c3 a6 6. Ba4 b5 7. Bc2 Bb7 8. Re1 d5 9. exd5 Nxd5 10. d4 Qb6 11. Bb3 Rd8 12. dxc5 Bxc5 13. Qe2 0-0 14. Bxd5 Rxd5 15. Nbd2 Rf5 16. b4 Be7 17. Nb3 Ba8 18. Nbd4 Nxd4 19. Nxd4 Qb7 20. f3 Rh5 21. Bf4 Bf6 22. Bg3 Qb6 23. Bf2 Qc7 24. f4 Rh6 25. Qe3 Rg6 26. Bg3 h5 27. Re2 Qc4 28. f5 exf5 29. Nxf5 Qd5 30. Ne7+ Bxe7 31. Qxe7 Re6 0-1

[Event "POL-ch U18"]
[Site "Szklarska Poreba"]
[Date "2021.03.13"]
[Round "1"]
[White "Kania, Dominik"]
[Black "Musial, Tomasz"]
[Result "1/2-1/2"]
[WhiteElo "1862"]
[BlackElo "2123"]
[PlyCount "69"]
[EventDate "2021.03.13"]
[EventType "swiss"]
[EventRounds "9"]
[EventCountry "POL"]
[SourceTitle "CBM 201 Extra"]
[Source "ChessBase"]
[SourceDate "2021.05.31"]
[SourceVersion "1"]
[SourceVersionDate "2021.05.31"]
[SourceQuality "1"]

1. e4 c6 2. d4 d5 3. exd5 cxd5 4. Bd3 Nc6 5. c3 g6 6. Nf3 Bf5 7. 0-0 Nf6 8. Re1 Bxd3 9. Qxd3 Bg7 10. Ne5 0-0 11. f4 Ne4 12. Nd2 f5 13. Nxe4 fxe4 14. Qh3 Qc8 15. Qg3 b5 16. a3 a5 17. h4 Ra6 18. Be3 Nd8 19. Qg4 Qxg4 20. Nxg4 Ne6 21. g3 Rc6 22. Bd2 b4 23. axb4 axb4 24. Ne3 bxc3 25. bxc3 Nc7 26. Ra5 e6 27. Rb1 Ne8 28. Ra7 Nd6 29. Rb4 Rfc8 30. Ng4 Nf5 31. Rbb7 h5 32. Ne3 Bf8 33. Nxf5 gxf5 34. Kf2 Re8 35. Ke2 1/2-1/2

[Event "POL-ch U16"]
[Site "Szklarska Poreba"]
[Date "2020.03.12"]
[Round "6"]
[White "Celebias, Filip"]
[Black "Kania, Dominik"]
[Result "0-1"]
[WhiteElo "1558"]
[BlackElo "1933"]
[PlyCount "137"]
[EventDate "2020.03.07"]
[EventType "swiss"]
[EventRounds "8"]
[EventCountry "POL"]
[SourceTitle "CBM 195 Extra"]
[Source "ChessBase"]
[SourceDate "2020.05.31"]
[SourceVersion "1"]
[SourceVersionDate "2020.05.31"]
[SourceQuality "1"]

1. e4 d6 2. d4 Nf6 3. Nc3 e5 4. dxe5 dxe5 5. Qxd8+ Kxd8 6. Nf3 Bd6 7. Bg5 Be6 8. 0-0-0 Nbd7 9. Bb5 Kc8 10. Bh4 h6 11. Nd2 Bc5 12. Bc4 Bb4 13. f3 Re8 14. Nd5 Nb6 15. Nxf6 gxf6 16. Bb3 Bxb3 17. Nxb3 Re6 18. c3 Be7 19. Na1 Nc4 20. Nc2 Bc5 21. Rd3 Nd6 22. Ne3 Bxe3+ 23. Rxe3 f5 24. Rd1 fxe4 25. Rxe4 f5 26. Re2 Kd7 27. Bg3 Rae8 28. Rd5 f4 29. Bf2 b6 30. g3 Kc6 31. Rd1 e4 32. Rde1 Kd7 33. gxf4 exf3 34. Rxe6 Rxe6 35. Re3 Rxe3 36. Bxe3 Ke6 37. Kd1 Kf5 38. Ke1 Ke4 39. Kf2 Nf5 40. Bc1 Nh4 41. Bd2 c5 42. b3 h5 43. c4 Ng6 44. f5 Ne5 45. f6 Ng4+ 46. Kf1 Nxf6 47. h3 Kd3 48. Bf4 Ne4 49. Ke1 a6 50. Kf1 b5 51. cxb5 axb5 52. a4 bxa4 53. bxa4 Kc4 54. Be3 Kd3 55. Bc1 c4 56. a5 Nc5 57. Kf2 Ke4 58. Bd2 Nd3+ 59. Kf1 Kd5 60. a6 Kc6 61. a7 Kb7 62. Be3 c3 63. Kg1 h4 64. Kf1 c2 65. Kg1 Nb2 66. Kf2 Nd1+ 67. Kg1 Nb2 68. Kf1 Nc4 69. Bc1 0-1

[Event "POL-ch U16"]
[Site "Szklarska Poreba"]
[Date "2020.03.09"]
[Round "3"]
[White "Kania, Dominik"]
[Black "Grzesik, Gracjan"]
[Result "1-0"]
[WhiteElo "1933"]
[BlackElo "2039"]
[PlyCount "135"]
[EventDate "2020.03.07"]
[EventType "swiss"]
[EventRounds "8"]
[EventCountry "POL"]
[SourceTitle "CBM 195 Extra"]
[Source "ChessBase"]
[SourceDate "2020.05.31"]
[SourceVersion "1"]
[SourceVersionDate "2020.05.31"]
[SourceQuality "1"]

1. e4 c5 2. d4 cxd4 3. c3 d3 4. Bxd3 Nc6 5. Be3 g6 6. f4 Bg7 7. Nf3 d6 8. 0-0 Nf6 9. h3 0-0 10. Nbd2 b6 11. Qe1 e6 12. g4 d5 13. e5 Nd7 14. Nd4 Bb7 15. Qg3 Qe7 16. N2f3 Rae8 17. Rae1 f5 18. exf6 Bxf6 19. Nxc6 Bxc6 20. Bd4 Qd6 21. Bxf6 Rxf6 22. Nd4 Nc5 23. Re5 Bd7 24. Bc2 Bc8 25. Rfe1 Ref8 26. b4 Nd7 27. Rxe6 Qxf4 28. Qxf4 Rxf4 29. Bb3 Bb7 30. Rd6 R4f7 31. Nc6 Bxc6 32. Rxc6 Kh8 33. Bxd5 Rf6 34. Rxf6 Nxf6 35. Bb3 Re8 36. Rxe8+ Nxe8 37. Kf2 Kg7 38. Kf3 Kf6 39. Kf4 g5+ 40. Ke4 Nc7 41. a4 h6 42. Bc4 Ne8 43. Kd5 Ke7 44. Kc6 Kd8 45. Bd3 Ke7 46. Kb7 Kd6 47. Kxa7 Kc7 48. a5 bxa5 49. b5 Nd6 50. b6+ Kc6 51. b7 Nxb7 52. Be4+ Kc5 53. Kxb7 Kc4 54. Kc6 a4 55. Kd6 Kxc3 56. Ke5 a3 57. Bd5 Kd3 58. Kf5 Kd4 59. Bg8 Ke3 60. Kg6 Kf3 61. Kxh6 Kg3 62. Kxg5 Kxh3 63. Kf5 Kh4 64. g5 Kh5 65. Kf6 Kg4 66. g6 Kh5 67. g7 Kh6 68. Bf7 1-0

[Event "Raciborz op 20th"]
[Site "Raciborz"]
[Date "2020.01.12"]
[Round "4"]
[White "Galuszka, Tomasz"]
[Black "Kania, Dominik"]
[Result "1-0"]
[WhiteElo "2217"]
[BlackElo "1986"]
[PlyCount "77"]
[EventDate "2020.01.11"]
[EventType "swiss"]
[EventRounds "9"]
[EventCountry "POL"]
[SourceTitle "CBM 194 Extra"]
[Source "ChessBase"]
[SourceDate "2020.03.31"]
[SourceVersion "1"]
[SourceVersionDate "2020.03.31"]
[SourceQuality "1"]

1. e4 e6 2. d4 d5 3. Nd2 Nc6 4. c3 e5 5. Ngf3 Bg4 6. exd5 Qxd5 7. Bc4 Qd7 8. d5 Na5 9. Nxe5 Nxc4 10. Nxd7 Bxd1 11. Nxc4 Kxd7 12. Kxd1 Re8 13. Re1 Rxe1+ 14. Kxe1 Nf6 15. Ne3 Bc5 16. c4 Re8 17. Ke2 Ng4 18. h3 Ne5 19. b3 f5 20. f4 Nf7 21. Kf3 Nd6 22. a3 g6 23. Ra2 Bd4 24. Nc2 Bf6 25. Bb2 Bxb2 26. Rxb2 Ne4 27. Ne3 c6 28. g4 fxg4+ 29. Nxg4 cxd5 30. cxd5 Kc7 31. Rc2+ Kb6 32. Re2 Nd6 33. Rxe8 Nxe8 34. Ke4 Kc5 35. Ke5 h5 36. Nf6 Ng7 37. Ne4+ Kb6 38. d6 Kc6 39. Kf6 1-0

[Event "POL-ch U20"]
[Site "Ustron"]
[Date "2019.11.29"]
[Round "8"]
[White "Kania, Dominik"]
[Black "Stachecki, Mikolaj"]
[Result "1-0"]
[WhiteElo "1988"]
[BlackElo "1901"]
[PlyCount "57"]
[EventDate "2019.11.23"]
[EventType "swiss"]
[EventRounds "9"]
[EventCountry "POL"]
[SourceTitle "CBM 193 Extra"]
[Source "ChessBase"]
[SourceDate "2020.01.31"]
[SourceVersion "1"]
[SourceVersionDate "2020.01.31"]
[SourceQuality "1"]

1. e4 c5 2. d4 cxd4 3. c3 Nf6 4. e5 Nd5 5. cxd4 Nc6 6. Nf3 d6 7. Bc4 e6 8. 0-0 Be7 9. exd6 Bxd6 10. Nc3 Nxc3 11. bxc3 0-0 12. Bd3 h6 13. Re1 Qc7 14. Bc2 e5 15. Qd3 f5 16. dxe5 Be7 17. Bb3+ Kh8 18. Bb2 Na5 19. Nd4 Nxb3 20. axb3 b6 21. Rad1 Bb7 22. Qg3 Bd5 23. c4 Bg8 24. Nb5 Qc8 25. e6 Bf6 26. Bxf6 Rxf6 27. e7 Re6 28. Nc7 f4 29. Qxf4 1-0

[Event "POL-ch U20"]
[Site "Ustron"]
[Date "2019.11.25"]
[Round "4"]
[White "Czopor, Maciej"]
[Black "Kania, Dominik"]
[Result "1-0"]
[WhiteElo "2227"]
[BlackElo "1988"]
[PlyCount "75"]
[EventDate "2019.11.23"]
[EventType "swiss"]
[EventRounds "9"]
[EventCountry "POL"]
[SourceTitle "CBM 193 Extra"]
[Source "ChessBase"]
[SourceDate "2020.01.31"]
[SourceVersion "1"]
[SourceVersionDate "2020.01.31"]
[SourceQuality "1"]

1. e4 e5 2. Nf3 Nc6 3. Bb5 Nf6 4. d3 Bc5 5. 0-0 d6 6. c3 0-0 7. h3 h6 8. Re1 a6 9. Bxc6 bxc6 10. d4 exd4 11. cxd4 Bb6 12. Qc2 c5 13. dxc5 Bxc5 14. Be3 Bxe3 15. Rxe3 Re8 16. Nc3 Be6 17. Rd1 Qb8 18. Ne2 Ra7 19. Nfd4 Bd7 20. Ng3 Rb7 21. Rd2 Re5 22. Rc3 d5 23. Nf3 Rxe4 24. Nxe4 Nxe4 25. Rxd5 Nxc3 26. Rxd7 Nb5 27. Qe4 Nd6 28. Qh4 f6 29. Qg4 Nf7 30. Qe6 Qf8 31. Rxf7 Qxf7 32. Qc8+ Kh7 33. Qxb7 Qxa2 34. Qe4+ Kg8 35. b4 Qa4 36. g3 Qb5 37. Nh4 a5 38. Qa8+ 1-0

[Event "POL-ch U20"]
[Site "Ustron"]
[Date "2019.11.24"]
[Round "2"]
[White "Gardian, Adam"]
[Black "Kania, Dominik"]
[Result "1/2-1/2"]
[WhiteElo "1835"]
[BlackElo "1988"]
[PlyCount "71"]
[EventDate "2019.11.23"]
[EventType "swiss"]
[EventRounds "9"]
[EventCountry "POL"]
[SourceTitle "CBM 193 Extra"]
[Source "ChessBase"]
[SourceDate "2020.01.31"]
[SourceVersion "1"]
[SourceVersionDate "2020.01.31"]
[SourceQuality "1"]

1. e4 e6 2. Nf3 d5 3. exd5 exd5 4. d4 Nf6 5. Bd3 Bd6 6. 0-0 0-0 7. Bg5 c6 8. c3 Bg4 9. Nbd2 Nbd7 10. Qc2 Qc7 11. Bxf6 Nxf6 12. Rfe1 Bxf3 13. Nxf3 Rfe8 14. g3 g6 15. Kf1 Rxe1+ 16. Rxe1 Re8 17. Rxe8+ Nxe8 18. Qe2 Qe7 19. Qxe7 Bxe7 20. Ne1 Kg7 21. Ke2 Kf6 22. Kf3 Ng7 23. Ng2 Ne6 24. Nf4 Nxf4 25. Kxf4 Bd6+ 26. Kf3 h5 27. h4 Ke6 28. Ke3 f5 29. f4 b5 30. b4 Bb8 31. a3 a6 32. Kf3 Bc7 33. Bf1 Kf6 34. Bg2 Bd6 35. Bh1 Be7 36. Ke3 1/2-1/2

[Event "Raciborz op 19th"]
[Site "Raciborz"]
[Date "2019.02.09"]
[Round "2"]
[White "Kania, Dominik"]
[Black "Piotrowski, Przemyslaw"]
[Result "0-1"]
[WhiteElo "1798"]
[BlackElo "2285"]
[PlyCount "64"]
[EventDate "2019.02.09"]
[EventType "swiss"]
[EventRounds "9"]
[EventCountry "POL"]
[SourceTitle "CBM 188 Extra"]
[Source "ChessBase"]
[SourceDate "2019.02.26"]
[SourceVersion "1"]
[SourceVersionDate "2019.02.26"]
[SourceQuality "1"]

1. d4 g6 2. Bf4 Bg7 3. Nf3 d6 4. e3 Nd7 5. Bc4 e5 6. Bg3 c6 7. dxe5 dxe5 8. e4 Qc7 9. 0-0 Ngf6 10. Qe2 0-0 11. h3 Nh5 12. Bh2 a5 13. c3 Nc5 14. Qe3 b6 15. Rd1 Nf4 16. Nbd2 Bh6 17. Bxf4 Bxf4 18. Qe1 b5 19. Bf1 Be6 20. Nb1 Rae8 21. b4 Na4 22. Na3 f5 23. exf5 Bxf5 24. Nh4 Nb2 25. Nxf5 Nxd1 26. Rxd1 gxf5 27. c4 e4 28. cxb5 e3 29. Bc4+ Kh8 30. Rd3 cxb5 31. Bxb5 exf2+ 32. Qxf2 Qc1+ 0-1

[Event "Katowice POL-HUN 5th"]
[Site "Katowice"]
[Date "2017.05.20"]
[Round "1"]
[White "Stachanczyk, Jacek"]
[Black "Kania, Dominik"]
[Result "1/2-1/2"]
[WhiteElo "2189"]
[BlackElo "1433"]
[PlyCount "109"]
[EventDate "2017.05.20"]
[EventType "swiss (rapid)"]
[EventRounds "9"]
[EventCountry "POL"]
[SourceTitle "CBM 178 Extra"]
[Source "ChessBase"]
[SourceDate "2017.06.22"]
[SourceVersion "1"]
[SourceVersionDate "2017.06.22"]
[SourceQuality "1"]

1. e4 d6 2. d4 Nf6 3. Nc3 e5 4. dxe5 dxe5 5. Qxd8+ Kxd8 6. Bg5 c6 7. 0-0-0+ Ke8 8. f4 Be7 9. Be2 Ng4 10. Bxg4 Bxg4 11. Nf3 f6 12. Bh4 exf4 13. h3 Bxf3 14. gxf3 Nd7 15. Bf2 Ne5 16. Ne2 g5 17. Nd4 Bc5 18. h4 Nxf3 19. Nxf3 Bxf2 20. hxg5 Ke7 21. gxf6+ Kxf6 22. Rh6+ Kg7 23. Rdh1 Be3+ 24. Kd1 Rad8+ 25. Ke2 Bd4 26. c3 Bf6 27. e5 Be7 28. Nd4 Rd5 29. R1h5 Kf7 30. Kf3 Ke8 31. Rxh7 Rxh7 32. Rxh7 Rxe5 33. Kxf4 Rd5 34. Ke4 Rd7 35. Kf5 Bf8 36. Rh8 Kf7 37. Nf3 Rd5+ 38. Ke4 Bg7 39. Rb8 Rb5 40. b3 Bxc3 41. Kd3 Bf6 42. Nd2 Rd5+ 43. Kc2 b5 44. Rb7+ Ke6 45. Rxa7 Rc5+ 46. Kb1 Kd5 47. Rd7+ Ke5 48. Rd3 Rd5 49. Rxd5+ Kxd5 50. Kc2 c5 51. Kd3 Bb2 52. Kc2 Be5 53. Kd3 Bb2 54. Kc2 Be5 55. Kd3 1/2-1/2